000 00205 a2200109 4500
020 _a9780545563277
041 _aspa
100 _aRita Rosa Ruesga
245 _aLos Mariachis
942 _cBK
952 _71
999 _c23183
_d23183